000 01493cam a22003493a 4500
001 17731
003 BD-RjUL
005 20211209000202.0
008 140217s19681960xx 000 0deng
035 _a(BD-RJUL)17789
040 _aDLC
_cDLC
_beng
041 _aeng
100 _aBolt, robert
_934684
245 0 2 _aA man for all seasons /
_crobert bolt
260 _cc1960 [reprinting 1968]
_aLondon :
_bHeinemann,
300 _a99 p. ;
_c16 cm.
500 _aOlney Theatre, Jult 13-31, 1966.
500 _aTitle devised by Library staff.
520 _aOlney Theatre, John Colicos in "A Man for All Seasons," by Robert Bolt, with David Sabin, Richard Bauer, Mark Hammer, Richard Curnock, Robert Milli, Al Corbin, Anne Chodoff, Halo Wines, directed by W.H. Graham, settings and lighting by James D. Waring, costumes by Joseph Lewis.
580 _aIn: Richard L. Coe Theater Programs Collection (Library of Congress).
655 7 _aTheater programs
_zMaryland
_zOlney.
_2rbgenr
_954663
655 7 _aTheater programs
_2rbgenr
_954664
700 1 _aColicos, John,
_d1928-2000.
_954654
700 1 _aGraham, William H.
_c(Director)
_954655
700 1 _aBolt, Robert.
_tMan for all seasons.
_954656
710 2 _aOlney Theatre (Organization : Olney, Md.)
_954657
710 2 _aRichard L. Coe Theater Programs Collection (Library of Congress)
_5DLC
_915716
752 _aUnited States
_bMaryland
_dOlney.
942 _2ddc
_cBK
999 _c17731
_d17731